000 00917nam0a2200301 4500
001 RU\NLR\bibl\1488527
005 20250616011858.0
010 _a978-5-86181-440-9
_93000
021 _aRU
_b2010-4724
_9295
035 _a(nilc)RSL-KNO-004575890
035 _a(NLR Aleph) 001480125
090 _a1698234
_c1698234
100 _a20100205d2010 |||y0rusy50 ca
101 1 _arus
_ceng
102 _aRU
105 _ay zzzz|||||
200 1 _aСлава Богу за то, что я не одна
_fНэнси Ру
_g[пер. с англ. О. Солнцева]
210 _aМосква
_cТриада
_d2010
215 _a224 с.
_cил.
_d17
686 _aШ9(2)72(7США)
_2rubbk
686 _aШ9
_bЮ9
700 1 _aРу
_bН.
_gНэнси
_4070
801 0 _aRU
_bRuMoRGB
_c20100205
_grcr
801 1 _aRU
_bRuMoRGB
_c20100205
801 2 _aRU
_bNLR
_c20100322
_grcr
942 _cBOOK
980 _aNB